Origen y crisis de la novela moderna de Wolfgang Kayser
Guardat en:
| Autor principal: | |
|---|---|
| Format: | Llibre |
| Idioma: | Undetermined |
| Publicat: |
San José, Costa Rica
Universidad de Costa Rica
1971
|
| Matèries: | |
| Etiquetes: |
Afegir etiqueta
Sense etiquetes, Sigues el primer a etiquetar aquest registre!
|
MARC
| LEADER | 00000nam a2200000Ia 4500 | ||
|---|---|---|---|
| 008 | 170316s9999 xx 000 0 und d | ||
| 090 | |a 801 G-3o | ||
| 100 | |a García, Eladio | ||
| 245 | |a Origen y crisis de la novela moderna de Wolfgang Kayser | ||
| 260 | |a San José, Costa Rica | ||
| 260 | |b Universidad de Costa Rica | ||
| 260 | |c 1971 | ||
| 300 | |a 64 páginas | ||
| 650 | |a TEORÍA LITERARIA | ||
| 999 | |c 20328 |d 20328 | ||
| 040 | |a cru BVZT | ||
| 942 | |c 15 D |h 801 G-3o |2 z | ||
